[Event "Oberfranken-ch"]
[Site "Lichtenfels"]
[Date "2014.01.06"]
[Round "7"]
[White "Rahn, Manfred"]
[Black "Reitzler, Stefan"]
[Result "0-1"]
[WhiteElo "1763"]
[BlackElo "1918"]
[PlyCount "84"]
[EventDate "2014.01.03"]
[EventType "swiss"]
[EventRounds "7"]
[EventCountry "GER"]
[SourceTitle "EXT 2019"]
[Source "ChessBase"]
[SourceDate "2018.10.10"]
[SourceVersion "1"]
[SourceVersionDate "2018.10.10"]
[SourceQuality "1"]

1. d4 Nf6 2. c4 e6 3. Nc3 Bb4 4. Qc2 0-0 5. Bg5 h6 6. Bh4 c5 7. e3 b6 8. Nf3 Bb7 9. Bd3 cxd4 10. exd4 d6 11. 0-0-0 Bxc3 12. bxc3 Nbd7 13. Bg3 d5 14. Bd6 dxc4 15. Bxc4 Re8 16. Bd3 Rc8 17. Rhg1 Nf8 18. Ba3 Nd5 19. c4 b5 20. c5 b4 21. Bb2 Qa5 22. Nd2 Ba6 23. Bxa6 Qxa6 24. Qc4 Qc6 25. Kb1 a5 26. Rc1 Ra8 27. g4 Ng6 28. g5 h5 29. Ne4 a4 30. Nd6 Reb8 31. Kc2 b3+ 32. axb3 Rb4 33. Qe2 Ngf4 34. Qe4 Rxb3 35. Rb1 Nb4+ 36. Kd1 Qxe4 37. Nxe4 a3 38. Rg3 Rxb2 39. Rb3 Rxb1+ 40. Rxb1 a2 41. Ra1 Nfd5 42. Kd2 Ra3 0-1

[Event "Oberfranken-ch"]
[Site "Lichtenfels"]
[Date "2014.01.03"]
[Round "2"]
[White "Reitzler, Stefan"]
[Black "Kuespert, Helmut"]
[Result "1/2-1/2"]
[WhiteElo "1918"]
[BlackElo "1945"]
[PlyCount "80"]
[EventDate "2014.01.03"]
[EventType "swiss"]
[EventRounds "7"]
[EventCountry "GER"]
[SourceTitle "EXT 2019"]
[Source "ChessBase"]
[SourceDate "2018.10.10"]
[SourceVersion "1"]
[SourceVersionDate "2018.10.10"]
[SourceQuality "1"]

1. e4 c5 2. Nf3 e6 3. d3 b6 4. Nbd2 Bb7 5. g3 d5 6. Bg2 Nf6 7. e5 Nfd7 8. 0-0 Nc6 9. Re1 g6 10. c3 Qc7 11. d4 cxd4 12. cxd4 Nb4 13. Re3 Qc2 14. Qe1 Rc8 15. a3 Nd3 16. Rxd3 Qxd3 17. Nf1 Ba6 18. Ne3 Qe2 19. Bd2 Qxe1+ 20. Bxe1 Be7 21. h4 h5 22. Bh3 Rc7 23. Ng5 Nf8 24. Bd2 Bc8 25. Rf1 Nh7 26. f4 Nxg5 27. fxg5 Ba6 28. Re1 0-0 29. Bg2 Bc4 30. Bf3 Rfc8 31. g4 hxg4 32. Bxg4 Kh7 33. Kf2 Bb3 34. Kg3 a5 35. Be2 Ba4 36. Bd3 Ra7 37. Ng4 Bc2 38. Rc1 Rac7 39. Ba6 Ra8 40. Bd3 Rac8 1/2-1/2

[Event "Oberfranken-ch"]
[Site "Lichtenfels"]
[Date "2012.01.05"]
[Round "5.11"]
[White "Niemetz, Alexander"]
[Black "Reitzler, Stefan"]
[Result "1-0"]
[WhiteElo "2013"]
[BlackElo "1926"]
[PlyCount "99"]
[EventDate "2012.01.03"]
[EventType "swiss"]
[EventRounds "7"]
[EventCountry "GER"]
[SourceTitle "EXT 2019"]
[Source "ChessBase"]
[SourceDate "2018.10.10"]
[SourceVersion "1"]
[SourceVersionDate "2018.10.10"]
[SourceQuality "1"]

1. e4 e5 2. Nf3 Nc6 3. d4 exd4 4. Nxd4 Nf6 5. Bg5 h6 6. Nxc6 bxc6 7. Bxf6 Qxf6 8. c3 Bc5 9. Qc2 0-0 10. Bd3 d6 11. 0-0 Qg5 12. Kh1 a5 13. Nd2 a4 14. Nf3 Qf6 15. Rae1 Re8 16. Ng1 Be6 17. a3 Bb3 18. Qe2 Bb6 19. f4 Ra5 20. Qg4 h5 21. Qg3 Qh6 22. Nf3 Raa8 23. Nh4 Rad8 24. Nf5 Qg6 25. Qh4 Qg4 26. Ne7+ Kf8 27. Qxg4 hxg4 28. Nxc6 Ra8 29. Nd4 g3 30. Bb5 Red8 31. hxg3 d5 32. e5 Bc4 33. Bxc4 dxc4 34. Rd1 g6 35. g4 Kg7 36. Kh2 Rh8+ 37. Kg3 Rab8 38. Rf2 Bc5 39. f5 gxf5 40. gxf5 Rh5 41. Kf4 Rbh8 42. g4 Rh3 43. Kg5 Kf8 44. f6 Rg3 45. Kf4 Rhh3 46. Nf5 Rd3 47. Rxd3 cxd3 48. Rf3 Rh2 49. Rxd3 Kg8 50. Rd8+ 1-0

[Event "Oberfranken-ch"]
[Site "Schney"]
[Date "2011.01.05"]
[Round "5"]
[White "Reitzler, Stefan"]
[Black "Kuespert, Helmut"]
[Result "1/2-1/2"]
[WhiteElo "1819"]
[BlackElo "1835"]
[PlyCount "20"]
[EventDate "2011.01.03"]
[EventType "swiss"]
[EventRounds "7"]
[EventCountry "GER"]
[SourceTitle "EXT 2015"]
[Source "ChessBase"]
[SourceDate "2014.11.20"]
[SourceVersion "1"]
[SourceVersionDate "2014.11.20"]
[SourceQuality "1"]

1. e4 c5 2. Nf3 e6 3. d4 cxd4 4. Nxd4 a6 5. Nc3 Qc7 6. Be3 b6 7. Bd3 Bb7 8. 0-0 Nf6 9. Kh1 b5 10. f3 h5 1/2-1/2

[Event "Forchheim op-A"]
[Site "Forchheim"]
[Date "2003.10.05"]
[Round "5"]
[White "Reitzler, Stefan"]
[Black "Bachstein, Dustin"]
[Result "0-1"]
[WhiteElo "2058"]
[BlackElo "2078"]
[PlyCount "44"]
[EventDate "2003.10.03"]
[EventType "swiss"]
[EventRounds "5"]
[EventCountry "GER"]
[SourceTitle "CBM 096 Extra"]
[Source "ChessBase"]
[SourceDate "2003.10.22"]
[SourceVersion "2"]
[SourceVersionDate "2003.10.20"]
[SourceQuality "1"]

1. Nc3 Nf6 2. e4 e5 3. Nf3 Nc6 4. d4 exd4 5. Nd5 Nb4 6. Nxf6+ Qxf6 7. Bc4 d5 8. exd5 Bg4 9. a3 Bxf3 10. gxf3 Qe5+ 11. Kf1 Nxd5 12. c3 Bc5 13. Rg1 0-0-0 14. Rg5 f5 15. cxd4 Bxd4 16. Qc2 g6 17. Qe2 Qxh2 18. Rg2 Qh1+ 19. Rg1 Qh3+ 20. Rg2 Rhe8 21. Qd3 Bxb2 22. Bxb2 Nf4 0-1

[Event "Forchheim op-A"]
[Site "Forchheim"]
[Date "2003.10.04"]
[Round "3"]
[White "Reitzler, Stefan"]
[Black "Kaiser, Harald"]
[Result "0-1"]
[WhiteElo "2058"]
[BlackElo "1934"]
[PlyCount "84"]
[EventDate "2003.10.03"]
[EventType "swiss"]
[EventRounds "5"]
[EventCountry "GER"]
[SourceTitle "CBM 096 Extra"]
[Source "ChessBase"]
[SourceDate "2003.10.22"]
[SourceVersion "2"]
[SourceVersionDate "2003.10.20"]
[SourceQuality "1"]

1. Nc3 d6 2. e4 e5 3. d4 Nf6 4. dxe5 dxe5 5. Qxd8+ Kxd8 6. Bg5 Be6 7. Nf3 Nbd7 8. 0-0-0 Bd6 9. Bb5 Kc8 10. h3 a6 11. Ba4 b5 12. Bxf6 Nxf6 13. Bb3 Bxb3 14. axb3 b4 15. Nd5 Nxe4 16. Rhe1 f5 17. Nxe5 Bxe5 18. f3 Bg3 19. fxe4 Bxe1 20. Rxe1 Re8 21. e5 a5 22. Nf4 a4 23. Kb1 axb3 24. cxb3 Ra5 25. e6 g5 26. Nd3 Rb5 27. g3 Re7 28. Re2 c6 29. g4 f4 30. Re4 Kc7 31. h4 h6 32. Kc2 Kd6 33. hxg5 hxg5 34. Nxb4 Rxe6 35. Rd4+ Kc7 36. Nd3 Rd5 37. Rxd5 cxd5 38. Kd2 Re3 39. b4 Kb6 40. Kc3 Re4 41. b3 f3 42. Kd2 Kb5 0-1

[Event "Pyramiden Franken Cup 5th"]
[Site "Fuerth"]
[Date "2002.09.05"]
[Round "6"]
[White "Reitzler, Stefan"]
[Black "Kleibaumhueter, Klaus"]
[Result "1/2-1/2"]
[WhiteElo "2072"]
[BlackElo "2184"]
[PlyCount "88"]
[EventDate "2002.08.31"]
[EventType "swiss"]
[EventRounds "9"]
[EventCountry "GER"]
[SourceTitle "CBM 090 Extra"]
[Source "ChessBase"]
[SourceDate "2002.11.07"]
[SourceVersion "1"]
[SourceVersionDate "2002.11.07"]
[SourceQuality "1"]

1. e4 e6 2. d4 d5 3. Nc3 Nf6 4. Bg5 dxe4 5. Nxe4 Be7 6. Bxf6 gxf6 7. Nf3 f5 8. Ned2 c5 9. Bb5+ Bd7 10. Bxd7+ Nxd7 11. c3 0-0 12. Nb3 Rc8 13. Qe2 Bf6 14. Rd1 Qc7 15. dxc5 Nxc5 16. Nxc5 Qxc5 17. 0-0 Rfd8 18. Rxd8+ Rxd8 19. Rd1 Rd5 20. Rxd5 Qxd5 21. c4 Qe4 22. Qxe4 fxe4 23. Nd2 Bxb2 24. Nxe4 Ba3 25. Kf1 f5 26. Ng5 e5 27. Ke2 Be7 28. Nf3 Bf6 29. Nd2 Kf7 30. f3 h5 31. Nb3 b6 32. Kd3 Ke6 33. h3 Kd6 34. a4 Kc6 35. Ke2 Kd6 36. Kd3 Bg5 37. Ke2 Bh6 38. Kd3 a6 39. Ke2 e4 40. fxe4 fxe4 41. g3 Bg5 42. Kf2 Ke5 43. Ke2 h4 44. gxh4 Bxh4 1/2-1/2

[Event "Pyramiden Franken Cup 5th"]
[Site "Fuerth"]
[Date "2002.09.03"]
[Round "4"]
[White "Reitzler, Stefan"]
[Black "Zippel, Harald"]
[Result "1-0"]
[WhiteElo "2072"]
[BlackElo "1804"]
[PlyCount "70"]
[EventDate "2002.08.31"]
[EventType "swiss"]
[EventRounds "9"]
[EventCountry "GER"]
[SourceTitle "CBM 090 Extra"]
[Source "ChessBase"]
[SourceDate "2002.11.07"]
[SourceVersion "1"]
[SourceVersionDate "2002.11.07"]
[SourceQuality "1"]

1. e4 e5 2. Nc3 Nc6 3. Bc4 Nf6 4. d3 Be7 5. f4 exf4 6. Bxf4 d6 7. Nf3 Na5 8. Bb3 Nxb3 9. axb3 0-0 10. 0-0 Bg4 11. h3 Bxf3 12. Qxf3 Nd7 13. Nd5 Bf6 14. Rab1 Bd4+ 15. Kh1 Be5 16. Qg3 f6 17. Ne3 Rf7 18. Nf5 Kh8 19. d4 Bxf4 20. Rxf4 Qf8 21. Rh4 Re8 22. Qg6 Qg8 23. Rxh7+ Qxh7 24. Qxf7 Rd8 25. Qe7 Qg8 26. Nxg7 Rf8 27. Qxd7 Rf7 28. Qf5 Qxg7 29. Rf1 Qh6 30. Rf4 Kg7 31. e5 dxe5 32. dxe5 Rf8 33. exf6+ Rxf6 34. Qxf6+ Qxf6 35. Rxf6 Kxf6 1-0

[Event "Pyramiden Franken Cup 4th"]
[Site "Fuerth"]
[Date "2001.08.26"]
[Round "9"]
[White "Hoennekes, Klaus"]
[Black "Reitzler, Stefan"]
[Result "1/2-1/2"]
[WhiteElo "2066"]
[BlackElo "1850"]
[PlyCount "62"]
[EventDate "2001.08.18"]
[EventType "swiss"]
[EventRounds "9"]
[EventCountry "GER"]
[SourceTitle "EXT 2010"]
[Source "ChessBase"]
[SourceDate "2010.11.25"]
[SourceVersion "1"]
[SourceVersionDate "2010.11.25"]
[SourceQuality "1"]

1. e4 e5 2. f4 exf4 3. Nf3 d5 4. exd5 Nf6 5. Bc4 Bd6 6. 0-0 0-0 7. d4 Bg4 8. Bb3 Nbd7 9. c4 b6 10. Nc3 h6 11. Bc2 Re8 12. a3 a5 13. Rb1 Nf8 14. b4 axb4 15. axb4 Ng6 16. c5 bxc5 17. bxc5 Bf8 18. h3 Bh5 19. Qd3 Bxf3 20. Qxf3 Ne7 21. Bxf4 Nexd5 22. Nxd5 Qxd5 23. Qxd5 Nxd5 24. Bb3 c6 25. Bxd5 cxd5 26. c6 g5 27. Be5 Bg7 28. c7 Bxe5 29. dxe5 Rac8 30. Rb7 Rxe5 31. Rfb1 Ree8 1/2-1/2

[Event "Pyramiden Franken Cup 4th"]
[Site "Fuerth"]
[Date "2001.08.24"]
[Round "7"]
[White "Hielscher, Wulf"]
[Black "Reitzler, Stefan"]
[Result "1-0"]
[WhiteElo "2142"]
[BlackElo "1850"]
[PlyCount "75"]
[EventDate "2001.08.18"]
[EventType "swiss"]
[EventRounds "9"]
[EventCountry "GER"]
[SourceTitle "EXT 2010"]
[Source "ChessBase"]
[SourceDate "2010.11.25"]
[SourceVersion "1"]
[SourceVersionDate "2010.11.25"]
[SourceQuality "1"]

1. c4 Nf6 2. Nc3 g6 3. g3 Bg7 4. Bg2 0-0 5. Nf3 d5 6. cxd5 Nxd5 7. 0-0 c6 8. d4 Nb6 9. h3 N8d7 10. Qc2 Nf6 11. e4 Be6 12. b3 h6 13. Be3 Qc8 14. Kh2 Nh7 15. a4 g5 16. a5 Nd7 17. e5 Nb8 18. Rae1 Na6 19. h4 g4 20. Ng1 Bf5 21. Qd2 Qe6 22. Ne4 Rfd8 23. Qc3 Qg6 24. Nc5 Nxc5 25. Qxc5 Rd7 26. Ne2 Nf8 27. a6 b6 28. Qxc6 Rb8 29. Qc3 Ne6 30. Rc1 Rc7 31. Qd2 Rbc8 32. Rxc7 Rxc7 33. Rc1 Be4 34. Bf1 Rxc1 35. Qxc1 Qf5 36. Nf4 Ng5 37. hxg5 hxg5 38. Ng2 1-0

[Event "Pyramiden Franken Cup 4th"]
[Site "Fuerth"]
[Date "2001.08.20"]
[Round "3"]
[White "Sikorsky, Horst"]
[Black "Reitzler, Stefan"]
[Result "1/2-1/2"]
[WhiteElo "2118"]
[BlackElo "1850"]
[PlyCount "54"]
[EventDate "2001.08.18"]
[EventType "swiss"]
[EventRounds "9"]
[EventCountry "GER"]
[SourceTitle "EXT 2010"]
[Source "ChessBase"]
[SourceDate "2010.11.25"]
[SourceVersion "1"]
[SourceVersionDate "2010.11.25"]
[SourceQuality "1"]

1. e4 e5 2. Nf3 Nc6 3. Bc4 Nf6 4. 0-0 Bc5 5. d3 d6 6. c3 Bg4 7. b4 Bb6 8. a4 a5 9. b5 Ne7 10. Bg5 Ng6 11. h3 Be6 12. Na3 h6 13. Bc1 0-0 14. Qe2 Nh5 15. Bxe6 fxe6 16. Kh2 Nhf4 17. Qd1 Qf6 18. Nc4 Bc5 19. Be3 b6 20. Ng1 Ne7 21. d4 exd4 22. cxd4 Bb4 23. g3 Nfg6 24. f4 Rad8 25. Qc2 d5 26. Ne5 dxe4 27. Qxe4 Qf5 1/2-1/2

[Event "Pyramiden Franken Cup 3rd"]
[Site "Fuerth"]
[Date "2000.08.26"]
[Round "8"]
[White "Reitzler, Stefan"]
[Black "Hestermann, Hans Ludwig"]
[Result "1-0"]
[WhiteElo "1817"]
[BlackElo "1726"]
[PlyCount "59"]
[EventDate "2000.08.19"]
[EventType "swiss"]
[EventRounds "9"]
[EventCountry "GER"]
[SourceTitle "EXT 2010"]
[Source "ChessBase"]
[SourceDate "2010.11.25"]
[SourceVersion "1"]
[SourceVersionDate "2010.11.25"]
[SourceQuality "1"]

1. e4 e6 2. d4 d5 3. Nc3 Nf6 4. Bg5 Be7 5. e5 Nfd7 6. h4 c5 7. Nb5 0-0 8. Bxe7 Qxe7 9. Nc7 Nc6 10. Nxa8 cxd4 11. Nf3 Qb4+ 12. Qd2 Qxb2 13. Rd1 Nc5 14. Bd3 Ne4 15. Bxe4 dxe4 16. Nxd4 Nxe5 17. 0-0 Nc4 18. Qe2 b5 19. c3 Qxc3 20. Nxb5 Qb4 21. Rb1 Qa4 22. Qxe4 Ba6 23. Nac7 Rc8 24. Nxa6 Qxa6 25. Qd4 h6 26. Rfc1 Qxa2 27. Nxa7 Ra8 28. Ra1 Qd2 29. Qxd2 Nxd2 30. Rc8+ 1-0

[Event "Pyramiden Franken Cup 3rd"]
[Site "Fuerth"]
[Date "2000.08.24"]
[Round "6"]
[White "Reitzler, Stefan"]
[Black "Schloetterer, Hermann"]
[Result "1-0"]
[WhiteElo "1817"]
[BlackElo "1780"]
[PlyCount "77"]
[EventDate "2000.08.19"]
[EventType "swiss"]
[EventRounds "9"]
[EventCountry "GER"]
[SourceTitle "EXT 2010"]
[Source "ChessBase"]
[SourceDate "2010.11.25"]
[SourceVersion "1"]
[SourceVersionDate "2010.11.25"]
[SourceQuality "1"]

1. e4 c5 2. Nc3 d6 3. f4 g6 4. Nf3 Bg7 5. Bb5+ Bd7 6. Bxd7+ Qxd7 7. 0-0 Nc6 8. d3 Nf6 9. Kh1 e6 10. Qe1 0-0 11. h3 Ne7 12. g4 b5 13. Qh4 Qb7 14. f5 exf5 15. Bg5 fxe4 16. dxe4 Nxe4 17. Nxe4 Qxe4 18. Bxe7 Rfe8 19. Rae1 Qc6 20. Kh2 d5 21. Ng5 Qc7+ 22. Kh1 Rxe7 23. Rxe7 Qxe7 24. Rxf7 Qxf7 25. Nxf7 Kxf7 26. Qf2+ Ke6 27. Qxc5 Rd8 28. Qxb5 Rd7 29. Qa6+ Ke7 30. b3 Be5 31. Kg2 Rc7 32. Qd3 Ke6 33. c4 dxc4 34. bxc4 Rd7 35. Qe3 Rb7 36. Kf3 Rf7+ 37. Ke4 Rb7 38. Qc5 Bd6 39. Qd5+ 1-0